| 000 | 00888cam a2200241 a 4500 | ||
|---|---|---|---|
| 001 | 000002364 | ||
| 005 | 20200929150205.0 | ||
| 008 | 750325s1974 sp b 000 0 spa | ||
| 020 | _a9233011720 | ||
| 040 |
_aDO-SdBNP _bspa _cBNPHU |
||
| 082 |
_a370.96711 _bL197e |
||
| 100 | 1 |
_aLallez, Raymond. _97516 |
|
| 245 | 1 | 3 |
_aUna experiencia de ruralización de la enseñanza : _bel IPAR y la reforma camerunesa / _cRaymond Lellez. |
| 260 |
_aParís : _bUnesco, _c1974. |
||
| 300 |
_av, 124 p. ; _c21 cm. |
||
| 490 | 1 |
_aExperiencias e innovaciones en educación ; _vno. 8 |
|
| 504 | _aIncluye referencias bibliográficas: p. 121-124. | ||
| 650 | 4 |
_aEducación rural _zCamerún _97517 |
|
| 650 | 4 |
_aEducación rural _97518 |
|
| 650 | 4 |
_aEducación _xInnovaciones _97519 |
|
| 710 | 2 |
_aOficina Internacional de educación _97520 |
|
| 830 | 0 |
_aExperiencias e innovaciones en educación ; _vno. 8 _97521 |
|
| 999 |
_c2206 _d2206 |
||